000 00698nam a2200289Ia 4500
005 20260324125832.0
008 008 260324s9999 xx 000 0 eng d
020 _a9780429249259
037 _aEBOOK
040 _aCRL
040 _beng
040 _cCRL
041 _2eng
041 _aeng
084 _qCRL
100 _aThomas A. Cook
_91152889
245 0 _aManaging Global Supply Chains
245 0 _bCompliance, Security, and Dealing with Terrorism
260 _bTaylor and Francis
260 _c2008
365 _a
365 _b180
856 _uhttp://www.taylorfrancis.com/books/9780429249259
942 _cEBOOK
999 _c1775107
_d1775107